Statistics for Dragon Ball Sagas Quiz Part 2(DBS&DBGT)

Click here to take the quiz!

General Stats

  • This quiz has been taken 56 times
  • The average score is 5 of 12

Answer Stats

Answer% Correct
Universe Survival Saga
83%
God of Destruction Beerus Saga
68%
Golden Frieza Saga
68%
"Future" Trunks Saga
66%
Universe 6 Saga
59%
Baby Saga
56%
Shadow Dragon Saga
39%
Super 17 Saga
39%
Copy Vegeta Saga
32%
Black Star Dragon Ball Saga
29%
Galatic Patrol Prisoner Saga
5%
Granolah The Suvivor Saga
5%

Score Distribution

Percentile by Number Answered

Percent of People with Each Score

Your Score History

You have not taken this quiz